Paroles : J'y crois encore - Lara Fabian - Statistiques

Statistiques générales
  • Ce quiz a été pris 58 fois
  • Le résultat moyen est 148 sur 219
Statistiques - réponses
Réponse % Correct
En
100%
Crois
98%
J'y
98%
À
96%
A
96%
Encore
96%
On
96%
Est
93%
La
91%
Fort
89%
Tout
89%
Vivant
89%
Le
87%
Qu'on
87%
Tant
87%
Au
84%
De
84%
Mort
82%
Jamais
80%
Ma
80%
Plus
80%
Foi
78%
Pas
78%
Et
76%
Me
76%
Que
76%
Qui
76%
Je
73%
Un
73%
Ce
71%
Les
71%
Ventre
71%
Jusqu'à
69%
Ne
69%
Rage
69%
Eu
67%
Mon
64%
Par
64%
Rien
64%
S'endort
64%
Silence
64%
Tort
64%
Même
58%
Sans
58%
Sur
58%
Fond
56%
Il
56%
Doute
51%
Écran
51%
Mes
51%
Arrêt
49%
Bouge
49%
49%
Quand
49%
Battement
47%
Vers
47%
Vraiment
47%
Nouveau
44%
Peine
44%
Ramène
44%
Seule
44%
Amant
42%
Dernier
42%
D'ici
42%
Haine
42%
L'avant
42%
Marche
42%
Respire
42%
Gens
40%
Moi
40%
Mouvants
40%
Sables
40%
Vaincue
40%
Aliénée
38%
Faudrait
38%
Grève
38%
J'aimerais
38%
Lève
38%
Reconnais
38%
Bâtisse
36%
Celle
36%
Isolée
36%
Passé
36%
L'enfant
33%
N'existe
33%
Parle
33%
Souvenir
33%
Autre
31%
Enterrée
31%
Rebelle
31%
Bête
29%
Futur
29%
Géant
29%
Présent
29%
Redevenir
29%
Crève
27%
J'en
27%
Ciel
24%
Ramener
24%
Blesse
22%
D'un
22%
Néant
22%
Devienne
18%
Dévoilé
18%
L'espace
18%
Passer
18%
Geste
16%
L'âme
16%
M'en
16%
Soulève
16%
Cracher
13%
L'émoi
13%
Retourner
11%
Aucun quiz correspondant
Distribution des résultats
% des personnes avec chaque résultat
Percentile par nombre de réponses
Votre historique - résultats
Vous n’avez pas pris ce quiz